000 00640nam a22001817a 4500
999 _c58290
_d58290
005 20211027124535.0
008 211027s2007 enk||||| |||| 00| 0 rus d
020 _a9788776870904
041 _aeng
080 _a159.964 X-12
100 _aХаббард, Рональд Лафайет.
_912701
245 _aДианетика 55! :
_bИсчерпывающее руководство по общению /
_cЛ.Рон Хаббард.
264 _aМ. :
_b"Нью Эра",
_c2007.
300 _a327с. :
_bил. ;
_c25 см.
653 _aდიანეტიკა
653 _aსაენტოლოგია
942 _2udc
_cBK